LEADER 00856nam a2200229 i 4500 001 000000169596 003 CaOOAMICUS 005 20211122122614.0 008 080226n it u000 u ita u 013 $a146999 040 $aSeMil$bita 245 10$a1: Introduzione. 300 $aLI, 579 p. 541 0 $aFondo card. Giovanni Colombo (1O IV 246) 773 0 $aAlighieri, Dante <1265-1321>$tCommedia.$dMilano : Arnoldo Mondadori, 1966-1967.$kOpere di Dante Alighieri$g1$w()19227 850 $aSeMil 852 $aSeMil$W1$xVenegono$y1$m1O IV 246$j230087$B120519$CSeMilBibl$Z2$F131923 $81 941 1 $a3 961 $aLascito: Colombo Card. Giovanni. -- Timbro del card. Giovanni Colombo 961 $aVolume in sostituzione di copia gią presente in Biblioteca 996 $6245$a1: Introduzione$9(OLS)http://semarc/title/397387 LEADER 01320nam a2200253 i 4500 001 000000107203 003 CaOOAMICUS 005 20030430000000.0 008 030430s1981 it u000 u ita u 013 $a79425 040 $aSeMil$bita 100 1 $aGuidetti, Armando.$0(OLS)http://semarc/name/6782 245 10$aConoscenza storica di Gesł di Nazareth :$bdall'ipotesi dell'origine giuridico-testimoniale dei Vangeli alla loro formazione e redazione /$cArmando Guidetti ; presentazione di Silverio Zedda.Milano : Rusconi, 1981. 260 $aMilano :$bRusconi,$c1981. 300 $a326 p. ;$c21 cm. 500 $aContiene : Bibliografia. - In preliminari : Dedica autografa dell'autore al cardinale. - Fondo card. Giovanni Colombo. 650 4$aGesł Cristo - Gesł storico.$0(OLS)http://semarc/subject/742 700 1 $aZedda, Silverio,$c.$0(OLS)http://semarc/name/1055 850 $aSeMil 852 $aSeMil$W1$xVenegono$y1$m1C V 133$j63299$B63299$CSeMilBibl$Z2$F78467 $81 941 1 $a3 961 $aLascito: Colombo Card. Giovanni 996 $6245$aConoscenza storica di Gesł di Nazareth :$bdall'ipotesi dell'origine giuridico-testimoniale dei Vangeli alla loro formazione e redazione$9(OLS)http://semarc/title/155507 996 $6260$aMilano :$bRusconi$9(OLS)http://semarc/publisher/30258